000
00225 a2200097 4500
001
13393
100
_a
Soule, G
245
_a
America's stake in b future
260
_a
London
_b
Oxford university press
_c
090
_c
10407
_d
10407
942
_a
NUST-CAE
_c
M
_c
456
999
_c
248466
_d
248466